| 000 | 00675nam a2200181Ia 4500 | ||
|---|---|---|---|
| 008 | 151202s9999||||xx |||||||||||||| ||und|| | ||
| 082 | _bPNVM-76289 | ||
| 100 | _aदुधाणे संजय. | ||
| 245 | _aध्रुवतारा सचिन तेंडुलकर. | ||
| 260 | _b"वेदांत पब्लिसिटी,पुणे." | ||
| 260 | _c2011 | ||
| 300 | _a96 | ||
| 600 | _aदुधाणे संजय. | ||
| 630 | _aध्रुवतारा सचिन तेंडुलकर. | ||
| 700 | _aदुधाणे संजय. | ||
| 730 | _aध्रुवतारा सचिन तेंडुलकर. | ||
| 942 | _cBOOK | ||
| 999 |
_c1342948 _d1342945 |
||